| 000 | 00939nam a2200253Ia 4500 | ||
|---|---|---|---|
| 003 | GCL | ||
| 005 | 20240530110908.0 | ||
| 008 | 140319s9999 xx 000 0 ara d | ||
| 040 |
_aGCL / _cGCL |
||
| 082 | 0 | 4 |
_a327.17 _bم ع |
| 100 | 1 | _aمعهد البحوث والدراسات العربية | |
| 245 | 1 | 2 |
_aالعلاقات العربية الافريقية : _bدراسة تاريخية للاثار السلبية للاستعمار / _cمعهد البحوث والدراسات العربية |
| 260 |
_a[S.N] : _bمعهد البحوث والدراسات العربية ، _c1977 |
||
| 300 | _a441 ص | ||
| 650 | 0 | 4 | _aتاريخ |
| 650 | 0 | 4 | _aالوطن العربى |
| 650 | 0 | 4 | _aالسياسة |
| 650 | 0 | 4 | _aالعلاقات الدولية |
| 650 | 0 | 4 | _aافريقيا |
| 650 | 0 | 4 | _aالعصور الوسطى |
| 650 | 0 | 4 | _aالموارد الاقتصادية |
| 650 | 0 | 4 | _aالعصور القديمة |
| 942 |
_2ddc _cBK |
||
| 999 |
_c66261 _d66261 |
||